Vybrané metódy ex ante finančnej analýzy v podmienkach konkrétneho podniku bakalárska práca

Enregistré dans:
Détails bibliographiques
Auteur principal: Šarová, Mária
Collectivité auteur: Podnikovohospodárska fakulta EU so sídlom v Košiciach. Katedra finančného riadenia podniku
Autres auteurs: Freňáková, Magdaléna, 1981-
Format: Livre
Langue:slovaque
Publié: Košice 2018
Tags: Ajouter un tag
Pas de tags, Soyez le premier à ajouter un tag!

MARC

LEADER 00000nbm a2200000 4500
001 0245740
005 20181018110426.4
041 0 |a slo 
044 |a SK 
245 1 0 |a Vybrané metódy ex ante finančnej analýzy v podmienkach konkrétneho podniku  |b bakalárska práca  |c Mária Šarová ; školiteľ: Magdaléna Freňáková 
264 1 |a Košice  |c 2018 
300 |a 65 s. 
100 1 |a Šarová, Mária 
700 1 |a Freňáková, Magdaléna, 1981- 
710 2 |a Podnikovohospodárska fakulta EU so sídlom v Košiciach. Katedra finančného riadenia podniku